000 00524nam a2200157 a 4500
001 000036256
005 20200930075631.0
008 120111s1990 sp a 000 0 spa d
020 _a8486725240
040 _aDO-SdBNP
_bspa
_cBNPHU
082 _axxx
_bM294
245 0 0 _aManual de urgencias para enfermería /
_cC. Bigotes García ...[et. al.] ; Grupo de trabajo en medicina de urgencia, Santander.
260 _aMadrid :
_bAran ediciones,
_c1990.
300 _a451 p. :
_bil. ;
_c24 cm.
700 1 _aGigotes García, C.
_962358
999 _c35747
_d35747